Pracheena bharatheeya darsanam/ (Record no. 35373)

000 -LEADER
fixed length control field 00404nam a22001451a 4500
082 ## - DEWEY DECIMAL CLASSIFICATION NUMBER
Classification number M 181.4
Item number UNI/P
100 ## - MAIN ENTRY--AUTHOR NAME
Personal name N V P Unithiri
245 ## - TITLE STATEMENT
Title Pracheena bharatheeya darsanam/
Statement of responsibility, etc by N V P Unithiri
260 ## - PUBLICATION, DISTRIBUTION, ETC. (IMPRINT)
Place of publication Kottayam:
Name of publisher Sahitya Pravartaka Co-operative Society,
Year of publication 2008.
300 ## - PHYSICAL DESCRIPTION
Number of Pages 280p.
650 ## - SUBJECT ADDED ENTRY--TOPICAL TERM
Topical Term Philosophy India Ancient
650 ## - SUBJECT ADDED ENTRY--TOPICAL TERM
Topical Term Philosophy India
650 ## - SUBJECT ADDED ENTRY--TOPICAL TERM
Topical Term Philosophy
942 ## - ADDED ENTRY ELEMENTS (KOHA)
Koha item type Book
Holdings
Withdrawn status Lost status Damaged status Not for loan Permanent Location Current Location Date acquired Cost, normal purchase price Full call number Accession Number Cost, replacement price Price effective from Koha item type
        Sree Sankaracharya University of Sanskrit Sree Sankaracharya University of Sanskrit 08.01.2015 200.00 M 181.4 UNI/P 061111 0.00 08.01.2015 Book